000 00331 a2200145 4500
001 155630
040 _cEscola São Tomás de Aquino
100 _aMACHADO, Ana Maria
240 1 0 _aHistórias chinesas
_lpor
245 1 0 _aHistórias chinesas
362 0 _a2013
440 1 _aFTD
697 _a*LITERATURA INFANTIL
942 _cBK
999 _c155630
_d155630